Представление документа в формате MARC21

Поле Инд. ПП Название Значение
Тип записи a
Библиографический уровень b
001 Контрольный номер RU/IS/BASE/335380638
005 Дата корректировки 20200608194349.2
008 Кодируемые данные 20100817
040 b Код языка каталог. rus
e Правила каталог. PSBO
041 0_ a Код языка текста rus
084 a Индекс другой классификации/Индекс ББК 67.910.12в0
100 1_ a Автор Зохрабян Р. П.
245 10 a Заглавие Формы реализации права народов на самоопределение в международном праве и доктрине
504 a Библиография Подстроч. примеч. - Лит.: 8 назв.
650 a Основная рубрика международное право
a Основная рубрика международное публичное право
a Основная рубрика право
653 a Ключевые слова международные отношения
a Ключевые слова Организация Объединенных Наций (ООН)
a Ключевые слова право наций на самоопределение
a Ключевые слова равноправие народов
a Ключевые слова теория международного права
a Ключевые слова территориальная целостность
773 08 t Заглавие источника Вестник Московского университета. Серия 11, Право
d Дата издания источника 2010
g Прочая информация № 2. - С. 75 - 85
w Контрольный № источника RU/IS/BASE/328719420
901 t Тип документа b